Quel pays a gagné le plus de médailles par édition ? (été + hiver) - Statistiques

Statistiques générales
  • Ce quiz a été pris 11 fois
  • Le résultat moyen est 30 sur 195
Statistiques - réponses
Editions Médailles Initiale Pays Moyenne % Correct
52 éditions 888 F France 17.07
100%
52 éditions 948 R Royaume-Uni 18.23
89%
52 éditions 358 S Suisse 6.88
89%
51 éditions 2963 E Etats-Unis 58.09
78%
51 éditions 742 I Italie 14.54
78%
47 éditions 161 B Belgique 3.42
67%
48 éditions 472 F Finlande 9.83
67%
44 éditions 555 J Japon 12.61
67%
49 éditions 528 N Norvège 10.77
67%
47 éditions 415 P Pays-Bas 8.82
67%
51 éditions 661 S Suède 12.96
67%
46 éditions 1272 A Allemagne 27.65
56%
44 éditions 77 A Argentine 1.75
56%
46 éditions 562 A Australie 12.21
56%
51 éditions 326 A Autriche 6.38
56%
41 éditions 230 B Bulgarie 5.60
56%
50 éditions 551 C Canada 11.02
56%
41 éditions 13 C Chili 0.31
56%
42 éditions 206 D Danemark 4.90
56%
44 éditions 171 E Espagne 3.88
56%
48 éditions 121 G Grèce 2.52
56%
50 éditions 518 H Hongrie 10.36
56%
39 éditions 4 I Islande 0.10
56%
33 éditions 73 M Mexique 2.21
56%
45 éditions 320 P Pologne 7.11
56%
33 éditions 28 P Portugal 0.84
56%
43 éditions 309 R Roumanie 7.18
56%
31 éditions 150 B Brésil 4.83
44%
22 éditions 696 C Chine 31.63
44%
29 éditions 35 I Irlande 1.20
44%
35 éditions 4 L Liban 0.11
44%
30 éditions 0 M Monaco 0
44%
40 éditions 140 N Nouvelle-Zélande 3.5
44%
40 éditions 104 T Turquie 2.6
44%
23 éditions 10 U Uruguay 0.43
44%
23 éditions 19 V Venezuela 0.82
44%
23 éditions 0 A Andorre 0
33%
36 éditions 357 C Corée-du-sud 9.91
33%
24 éditions 38 E Egypte 1.58
33%
23 éditions 48 E Estonie 2.08
33%
35 éditions 35 I Inde 1
33%
28 éditions 76 I Iran 2.71
33%
24 éditions 13 I Israël 0.54
33%
26 éditions 87 J Jamaïque 3.34
33%
37 éditions 10 L Liechtenstein 0.27
33%
33 éditions 4 L Luxembourg 0.12
33%
22 éditions 29 M Maroc 1.31
33%
27 éditions 14 P Philippines 0.51
33%
27 éditions 89 A Afrique-du-sud 3.29
22%
22 éditions 34 C Colombie 1.54
22%
19 éditions 56 C Corée-du-nord 2.94
22%
21 éditions 241 C Cuba 11.47
22%
19 éditions 113 K Kenya 5.94
22%
19 éditions 26 L Lituanie 1.36
22%
28 éditions 30 M Mongolie 1.07
22%
18 éditions 27 N Nigeria 1.5
22%
21 éditions 10 P Pakistan 0.47
22%
21 éditions 4 P Pérou 0.19
22%
12 éditions 547 R Russie 45.58
22%
21 éditions 35 T Thaïlande 1.66
22%
21 éditions 19 T Trinité-et-Tobago 0.9
22%
17 éditions 17 A Algérie 1
11%
17 éditions 16 B Bahamas 0.94
11%
20 éditions 0 B Bolivie 0
11%
22 éditions 1 C Chypre 0.04
11%
22 éditions 4 C Costa Rica 0.18
11%
16 éditions 52 C Croatie 3.25
11%
16 éditions 58 E Ethiopie 3.62
11%
17 éditions 5 G Ghana 0.29
11%
16 éditions 2 H Haïti 0.12
11%
14 éditions 80 K Kazakhstan 5.71
11%
3 éditions 3 K Kosovo 1
11%
17 éditions 0 N Népal 0
11%
18 éditions 3 P Panama 0.16
11%
26 éditions 3 S Saint-Marin 0.11
11%
16 éditions 45 S Slovénie 2.81
11%
18 éditions 2 S Sri Lanka 0.11
11%
27 éditions 36 T Taïwan 1.33
11%
15 éditions 2 A Afghanistan 0.13
0%
12 éditions 0 A Albanie 0
0%
9 éditions 0 A Angola 0
0%
10 éditions 0 A Antigua-et-Barbuda 0
0%
12 éditions 4 A Arabie Saoudite 0.33
0%
14 éditions 18 A Arménie 1.28
0%
13 éditions 49 A Azerbaïdjan 3.76
0%
10 éditions 4 B Bahrein 0.4
0%
9 éditions 0 B Bangladesh 0
0%
13 éditions 1 B Barbade 0.07
0%
12 éditions 0 B Belize 0
0%
11 éditions 0 B Bénin 0
0%
9 éditions 0 B Bhoutan 0
0%
14 éditions 103 B Biélorussie 7.35
0%
17 éditions 0 B Birmanie 0
0%
14 éditions 0 B Bosnie-Herzégovine 0
0%
11 éditions 2 B Botswana 0.18
0%
5 éditions 0 B Brunei 0
0%
10 éditions 1 B Burkina Faso 0.1
0%
7 éditions 2 B Burundi 0.28
0%
9 éditions 0 C Cambodge 0
0%
16 éditions 6 C Cameroun 0.37
0%
6 éditions 0 C Cap vert 0
0%
10 éditions 0 C Centrafrique 0
0%
6 éditions 0 C Comores 0
0%
12 éditions 0 C Congo 0
0%
14 éditions 4 C Côte d'ivoire 0.28
0%
9 éditions 1 D Djibouti 0.11
0%
7 éditions 0 D Dominique 0
0%
10 éditions 2 E Emirats arabes unis 0.2
0%
16 éditions 5 E Equateur 0.31
0%
7 éditions 1 E Erythrée 0.14
0%
11 éditions 0 E Eswatini 0
0%
18 éditions 3 F Fidji 0.16
0%
11 éditions 1 G Gabon 0.09
0%
9 éditions 0 G Gambie 0
0%
14 éditions 40 G Géorgie 2.85
0%
10 éditions 3 G Grenade 0.3
0%
16 éditions 1 G Guatemala 0.06
0%
11 éditions 0 G Guinée 0
0%
6 éditions 0 G Guinée-Bissau 0
0%
9 éditions 0 G Guinée équatoriale 0
0%
18 éditions 1 G Guyana 0.05
0%
12 éditions 0 H Honduras 0
0%
16 éditions 37 I Indonésie 2.31
0%
15 éditions 1 I Irak 0.06
0%
11 éditions 3 J Jordanie 0.27
0%
13 éditions 7 K Kirghizistan 0.53
0%
4 éditions 0 K Kiribati 0
0%
13 éditions 3 K Koweït 0.23
0%
9 éditions 0 L Laos 0
0%
11 éditions 0 L Lesotho 0
0%
9 éditions 30 L Lettonie 3.33
0%
12 éditions 0 L Liberia 0
0%
10 éditions 0 L Libye 0
0%
13 éditions 2 M Macédoine 0.15
0%
14 éditions 0 M Madagascar 0
0%
15 éditions 13 M Malaisie 0.86
0%
10 éditions 0 M Malawi 0
0%
8 éditions 0 M Maldives 0
0%
13 éditions 0 M Mali 0
0%
18 éditions 0 M Malte 0
0%
3 éditions 0 M Marshall 0
0%
10 éditions 1 M Maurice 0.1
0%
9 éditions 0 M Mauritanie 0
0%
5 éditions 0 M Micronésie 0
0%
14 éditions 6 M Moldavie 0.42
0%
7 éditions 1 M Monténégro 0.14
0%
11 éditions 2 M Mozambique 0.18
0%
8 éditions 5 N Namibie 0.62
0%
6 éditions 0 N Nauru 0
0%
12 éditions 0 N Nicaragua 0
0%
13 éditions 2 N Niger 0.15
0%
9 éditions 0 O Oman 0
0%
16 éditions 11 O Ouganda 0.68
0%
14 éditions 37 O Ouzbékistan 2.64
0%
5 éditions 0 P Palaos 0
0%
10 éditions 0 P Papouasie-Nouvelle-Guinée 0
0%
14 éditions 1 P Paraguay 0.07
0%
9 éditions 8 Q Qatar 0.88
0%
10 éditions 0 R RD Congo 0
0%
15 éditions 12 R République dominicaine 0.8
0%
9 éditions 0 R Rwanda 0
0%
6 éditions 0 S Saint-Christophe-et-Niévès 0
0%
6 éditions 0 S Sainte-Lucie 0
0%
8 éditions 0 S Saint-Vincent-et-les-Grenadines 0
0%
9 éditions 0 S Salomon 0
0%
11 éditions 0 S Salvador 0
0%
10 éditions 1 S Samoa 0.1
0%
6 éditions 0 S Sao Tomé et Principe 0
0%
20 éditions 1 S Sénégal 0.05
0%
8 éditions 24 S Serbie 3
0%
9 éditions 0 S Seychelles 0
0%
11 éditions 0 S Sierra Leone 0
0%
18 éditions 5 S Singapour 0.27
0%
14 éditions 40 S Slovaquie 2.85
0%
9 éditions 0 S Somalie 0
0%
13 éditions 1 S Soudan 0.07
0%
1 édition 0 S Soudan-du-Sud 0
0%
13 éditions 2 S Suriname 0.15
0%
14 éditions 4 S Syrie 0.28
0%
11 éditions 4 T Tadjikistan 0.36
0%
14 éditions 2 T Tanzanie 0.14
0%
12 éditions 0 T Tchad 0
0%
14 éditions 98 T Tchéquie 7
0%
6 éditions 0 T Timor oriental 0
0%
13 éditions 1 T Togo 0.07
0%
12 éditions 1 T Tonga 0.08
0%
15 éditions 15 T Tunisie 1
0%
7 éditions 1 T Turkménistan 0.14
0%
3 éditions 0 T Tuvalu 0
0%
14 éditions 147 U Ukraine 1.05
0%
8 éditions 0 V Vanuatu 0
0%
16 éditions 4 V Vietnam 0.25
0%
7 éditions 0 Y Yémen 0
0%
14 éditions 2 Z Zambie 0.14
0%
15 éditions 8 Z Zimbabwe 0.53
0%
Aucun quiz correspondant
Distribution des résultats
% des personnes avec chaque résultat
Percentile par nombre de réponses
Votre historique - résultats
Vous n’avez pas pris ce quiz